000 01851nam0a2200325 4500
001 RU\NLR\BIBL_A\011930362
005 20240617153808.0
010 _a978-5-88247-899-4
_9100
021 _aRU
_bКН-П-18-101206
_9КН-П-18-7337
035 _a(NLR Aleph) 011930362
035 _a(RuMoRGB)009850757
090 _a11035354
_c11035354
100 _a20190207d2018 u y0rusy50 ca
101 0 _arus
102 _aRU
105 _aa|||zzzz0|0yy
200 1 _aЖизнь продолжается…
_eграфика
_e[альбом к 80-летию автора]
_fСергей Кастюнин
_g[вступительное слово: В. Канищев, бакалавр]
_gМинистерство образования и науки Российской Федерации, Федеральное государственное бюджетное образовательное учреждение высшего образования "Липецкий государственный технический университет"
210 _aЛипецк
_cЛипецкий государственный технический университет
_d2018
215 _a[48] с.
_cил.
_d30
600 1 _aКастюнин
_bС. А.
_gСергей Алексеевич
_jАльбомы
_92299986
_3RU\NLR\AUTH\6601603654
686 1 _aЩ153(2Р=Рус)7-8Кастюнин я61
700 1 _aКастюнин
_bС. А.
_gСергей Алексеевич
712 0 2 _4570
_aЛипецкий государственный технический университет
_9363556
_3RU\NLR\AUTH\889934201
942 _cBOOK
980 _aNBR
980 _aNB